| 000 | 00689nam a2200241Ia 4500 | ||
|---|---|---|---|
| 003 | OSt | ||
| 005 | 20221006164412.0 | ||
| 006 | a|||||r|||| 00| 0 | ||
| 007 | ta | ||
| 008 | 221006b |||||||| |||| 00| 0 eng d | ||
| 024 | _a7,039 | ||
| 037 | _cTextual | ||
| 040 |
_aFML _cFML _beng |
||
| 041 |
_2eng _aeng |
||
| 082 | _a(:f), M61 | ||
| 100 |
_aBhandarkar P.L. Au. _9677377 |
||
| 245 | 0 | _aMethodology And Techniques of Social Reserch | |
| 260 |
_aMumbai _bHimalaya Publishing House India _c1986 |
||
| 300 |
_a436 _ccm. |
||
| 700 |
_a Kilkinson T.S. Au. _9677378 |
||
| 942 |
_h(:f), M61 _cTEXL _2CC |
||
| 999 |
_c1117141 _d1117141 |
||